LEADER 01109nam--2200385---450- 001 990001465940203316 005 20050517152117.0 035 $a000146594 035 $aUSA01000146594 035 $a(ALEPH)000146594USA01 035 $a000146594 100 $a20040301d19751929km-y0itay0103----ba 101 $aita 102 $aIT 105 $a||||||||001yy 200 1 $aMemorie$fJean Danielou 210 $aTorino$cSEI$d1975 215 $a213 p.$d20 cm 225 2 $aLa scala di Giacobbe 300 $atrad. di Giampaolo Redigolo 410 0$12001$aLa scala di Giacobbe 454 1$12001$aEt qui est mon prochain?$920489 461 1$1001-------$12001 700 1$aDANIELOU,$bJean$0385239 702 1$aREDIGOLO,$bGiampaolo 801 0$aIT$bsalbc$gISBD 912 $a990001465940203316 951 $aII 2 2397(XIV coll. 14/29)$b11863 L.M.$cXIV coll. 959 $aBK 969 $aUMA 979 $aSIAV1$b10$c20040301$lUSA01$h1531 979 $aPATRY$b90$c20040406$lUSA01$h1742 979 $aCOPAT7$b90$c20050517$lUSA01$h1521 996 $aEt qui est mon prochain$920489 997 $aUNISA